000 02847cam a22006134i 4500
003 PE-LiUPU
005 20250731173533.0
008 150616s1985 miu rb 000 0 eng d
020 _a0801042917
035 _a(Sirsi) i9780801042911
035 _a(Sirsi) i9780801042911
040 _aPE-LiUPU
_bspa
_cPE-LiUPU
_erda
049 _aPRUA
082 0 4 _a266.02301
_bH49
_221
100 1 _aHiebert, Paul G.,
_d1932-,
_eautor.
245 1 0 _aAnthropological Insights for Missionaries /
_cPaul G. Hiebert.
264 1 _aGrand Rapids, Michigan :
_bBaker Book House,
_c1985.
300 _a315 páginas ;
_c23 centímetros
336 _atext
_2rdacontent
337 _aunmediated
_2rdamedia
338 _avolume
_2rdacarrier
504 _aIncluye bibliografía.
505 0 _aThe gospel and human cultures -- Cultural differences and missionary -- Cultural differences and the message -- Cultural differences and the bicultural community.
526 _aSEG42
526 _aSEG41
526 _aSEG40
526 _aSEG39
526 _aP94
526 _aP87
526 _aP86
526 _aP85
526 _aP77
526 _aP76
526 _aP35
650 1 4 _aMisiones
_xAspectos antropológicos.
650 2 4 _aCristianismo y cultura.
_91358
650 2 4 _aComunicación intercultural.
910 _ajck
_bjvq
_cjck
942 _2ddc
_cBOOK
949 _a266.02301 H49
_wDEWEY
_c1
_i57455
_lCCODEBUL1
_mBUL
_r0
_sY
_tBOOK
_u2015-6-16
_xTEOLOGIA
_PP35
_0COMPRA
_o.STAFF. Colección General
949 _a266.02301 H49
_wDEWEY
_c2
_i42328
_lCCODEBUL1
_mBUL
_r0
_sY
_tBOOK
_u2015-4-23
_xTEOLOGIA
_PP35
_0COMPRA
_o.STAFF. Colección General
949 _a266.02301 H49
_wDEWEY
_c3
_i50635
_lCCODEBUL1
_mBUL
_r0
_sY
_tBOOK
_u2015-6-16
_xTEOLOGIA
_PP35
_0COMPRA
_o.STAFF. Colección General
949 _a266.02301 H49
_wDEWEY
_c4
_i54199
_lCCODEBUL1
_mBUL
_r0
_sY
_tBOOK
_u2015-4-23
_xTEOLOGIA
_PP35
_0COMPRA
_o.STAFF. Colección General
994 _aC0
_bPEPRU
596 _a1
999 _a266.02301 H49
_wDEWEY
_c60160
_i57455
_f2021-11-10
_g5
_lCCODEBUL1
_mBUL
_q1
_r0
_sY
_tBOOK
_u2015-6-16
_xTEOLOGIA
_PP35
_0COMPRA
_o.STAFF. Colección General
_d60160
999 _a266.02301 H49
_wDEWEY
_c2
_i42328
_f2021-11-10
_g5
_lCCODEBUL1
_mBUL
_p22.31
_q1
_r0
_sY
_tBOOK
_u2015-4-23
_xTEOLOGIA
_PP35
_0COMPRA
_o.STAFF. Colección Teología
999 _a266.02301 H49
_wDEWEY
_c3
_i50635
_f2021-11-10
_g5
_lCCODEBUL1
_mBUL
_p22.31
_q1
_r0
_sY
_tBOOK
_u2015-6-16
_xTEOLOGIA
_PP35
_0COMPRA
_o.STAFF. Colección Teología
999 _a266.02301 H49
_wDEWEY
_c4
_i54199
_d2018-5-15
_e2018-5-11
_f2021-11-10
_g5
_lCCODEBUL1
_mBUL
_n2
_p22.31
_q1
_r0
_sY
_tBOOK
_u2015-4-23
_xTEOLOGIA
_PP35
_0COMPRA
_o.STAFF. Colección Teología
980 _81
_gALBERTO SANCHEZ Responsable de Automatización